Arts and the man : A short introduction to aesthetics /
Saved in:
| Main Author: | |
|---|---|
| Format: | Book (Paper) |
| Language: | English |
| Published: |
New York :
W. W. Norton & co., inc,
1939.
|
| Subjects: | |
| Tags: |
Add Tag
No Tags, Be the first to tag this record!
|
| Institutions: | Thư viện Trường Đại học Đà Lạt |
|---|
| LEADER | 00724nam a2200301 4500 | ||
|---|---|---|---|
| 001 | DLU180186893 | ||
| 005 | ##20180907 | ||
| 040 | # | # | |a DLU |b eng |
| 041 | # | # | |a eng |
| 044 | # | # | |a us |
| 082 | # | # | |a 701.17 |b ED-I |
| 100 | # | # | |a Edman, Irwin, |d 1896-1954. |
| 245 | # | # | |a Arts and the man : |b A short introduction to aesthetics / |c Irwin Edman. |
| 260 | # | # | |a New York : |b W. W. Norton & co., inc, |c 1939. |
| 300 | # | # | |a 154 p. ; |c 22 cm. |
| 650 | # | # | |a Aesthetics. |
| 650 | # | # | |a Art |x Philosophy. |
| 923 | # | # | |a 100/2010 |
| 991 | # | # | |a SH |
| 992 | # | # | |a 0 |
| 994 | # | # | |a DLU |
| 900 | # | # | |a True |
| 911 | # | # | |a Nguyễn Thanh Hương |
| 925 | # | # | |a G |
| 926 | # | # | |a A |
| 927 | # | # | |a SH |
| 980 | # | # | |a Thư viện Trường Đại học Đà Lạt |